1506 1836 1790 1378 1883 1006 1875 1325 1764 1876 1240 1873 1217 1348 1428 1988 1812 1294 1022 1423 1797 1293 1533 1860 1458 1836 1382 1858 1813 1451 1356 1174 1261 1770 1141 1188 1622 1610 1100 1451 1203 1256 1997 1184 1318 1048 1074 1843 1691 1618 1804 1771 1288 1580 1849 1946 1319 1637 1314 1123 1458 1307 1395 1867 1761 1919 1291 1990 1069 1968 1602 1971 1114 1236 1429 1061 1532 1419 1518 1014 1771 1844 1623 1642 1403 1611 1522 1926 1188 1065 1521 1505 1495 1981 1210 1291 1929 1043 1969 BCNSPRNW ULIB Ver.6.0+V

เปลี่ยนเป็นภาษาไทย

Change to English
 แสดงรายละเอียดบรรณานุกรม
  กลับหน้าหลัก

Brief Record : Get Marc (ISO 2709) : E-mail record : QR code < ปิดหน้าต่าง
LEADER : 00000nam 2200000uu 4500
001    13399121949
003     ULIB
008    121214s2549||||th 000 0 tha d
020    ^a9749477782
020    9789749477786
060 04 ^aWM55^bอ322ก 2549
100 0  ^aอรพรรณ ลือบุญธวัชชัย
245 10 ^aการให้คำปรึกษาทางสุขภาพ /^cอรพรรณ ลือบุญธวัชชัย
250    ^aพิมพ์ครั้งที่ 1
260    ^aกรุงเทพฯ :^bธนาเพรส,^c2549
300    ^a186 หน้า ;^c26 ซม.
650  7 ^aผู้ป่วย^xการให้คำปรึกษา
650  7 ^aการแนะแนวสุขภาพ
650  7 ^aการให้คำปรึกษาครอบครัว
945    ^p165^l0^i24806
945    ^p165^l0^i14289
945    ^p165^l0^i14290
995    ^aทศพร
999    ^aทศพร เกษรทอง
รายการนี้ยังไม่มีแท็ก
คุณยังไม่ได้ล็อกอิน คุณสามารถมีกิจกรรมร่วมกับเว็บไซต์ได้ แต่ต้องล็อกอินก่อน ::
  ล็อกอิน

รายการสื่อสารสนเทศ

ลำดับที่ ประเภท เลขเรียก/บาร์โค้ด สถานที่ สถานะ
1. วิทยาศาสตร์การแพทย์ และสุขภาพ
วิทยาศาสตร์การแพทย์ และสุขภาพ
WM55 อ322ก 2549 ฉ.1 
  Barcode: 24806
ห้องสมุดวิทยาเขตสวรรค์ประชารักษ์
►หนังสือทั่วไป
บนชั้น
2. วิทยาศาสตร์การแพทย์ และสุขภาพ
วิทยาศาสตร์การแพทย์ และสุขภาพ
WM55 อ322ก 2549 ฉ.2 
  Barcode: 14289
ห้องสมุดวิทยาเขตสวรรค์ประชารักษ์
►หนังสือทั่วไป
บนชั้น
3. วิทยาศาสตร์การแพทย์ และสุขภาพ
วิทยาศาสตร์การแพทย์ และสุขภาพ
WM55 อ322ก 2549 ฉ.3 
  Barcode: 14290
ห้องสมุดวิทยาเขตสวรรค์ประชารักษ์
►หนังสือทั่วไป
บนชั้น

รายการใกล้เคียง
    ผู้แต่ง [อรพรรณ ลือบุญธวัชชัย]

    หัวเรื่อง [การแนะแนวสุขภาพ]
    หัวเรื่อง [การให้คำปรึกษาครอบครัว]

BibComment


ยังไม่เคยถูกคอมเมนท์

คอมเมนท์ทรัพยากรรายการนี้
  คอมเมนท์: การให้คำปรึกษาทา..


 Copyright 2026. Bcnsprnw @Library